Economia Internacional / Charles P. Kindleberger (Registro nro. 21159)
[ vista simple ]
| 000 -LÍDER | |
|---|---|
| fixed length control field | 00415nam a2200145 4500 |
| 008 - ELEMENTOS DE LONGITUD FIJA -- INFORMACIÓN GENERAL | |
| fixed length control field | 0 1979 0x 000 0mex |
| 020 ## - NÚMERO INTERNACIONAL NORMALIZADO PARA LIBROS | |
| ISBN | 84-03-18060-8 |
| 050 ## - SIGNATURA TOPOGRAFICA DE LA BIBLIOTECA DEL CONGRESO (LC) | |
| Número de Clasificación | HF 1416 K 918 |
| 082 ## - NUMERO DE CLASIFICACION DECIMAL DEWEY | |
| Número de Clasificación | 338.88 K195e |
| 100 ## - ASIENTO PRINCIPAL--NOMBRE PERSONAL | |
| Nombre personal | Kindleberger, Charls P. |
| 245 ## - TÍTULO | |
| Título | Economia Internacional / Charles P. Kindleberger |
| 260 ## - PUBLICACIÓN, DISTRIBUCIÓN, ETC. (PIE DE IMPRENTA) | |
| Lugar de publicación, distribución, etc. | España : Aguilar |
| 300 ## - DESCRIPCIÓN FÍSICA | |
| Extensión | 608p. / 23.5cm. |
| 650 ## - ASIENTO SECUNDARIO DE MATERIA - TERMINO TEMÁTICO | |
| Término temático o nombre geográfico como elemento de entrada | 1.ECONOMIA INTERNACIONAL |
| No. biblioteca | No. biblioteca | Número de clasificación | Código de barras/Número de adquisición | Número de copia | Tipo de material |
|---|---|---|---|---|---|
| LUIS G. INCLAN | LUIS G. INCLAN | 338.88 K195e | 1676 | 2 | Libros |
| LUIS G. INCLAN | LUIS G. INCLAN | 338.88 K195e | 7672 | 1 | Libros |
